Diseases of infection : (Record no. 4140)

000 -LEADER
fixed length control field 00894pam a2200277 a 4500
003 - CONTROL NUMBER IDENTIFIER
control field OSt
005 - DATE AND TIME OF LATEST TRANSACTION
control field 20220318081153.0
008 - FIXED-LENGTH DATA ELEMENTS--GENERAL INFORMATION
fixed length control field 870304s1987 enka b 001 0 eng c
020 ## - INTERNATIONAL STANDARD BOOK NUMBER
International Standard Book Number 0192615149 :
020 ## - INTERNATIONAL STANDARD BOOK NUMBER
International Standard Book Number 019261522X (pbk.) :
040 ## - CATALOGING SOURCE
Transcribing agency ALUPE UNIVERSITY COLLEGE
050 10 - LIBRARY OF CONGRESS CALL NUMBER
Classification number RC111
Item number .D55 1987
060 ## - NATIONAL LIBRARY OF MEDICINE CALL NUMBER
Classification number WC 100 D611
245 00 - TITLE STATEMENT
Title Diseases of infection :
Remainder of title an illustrated textbook /
Statement of responsibility, etc. Norman R. Grist ... [et al.].
260 ## - PUBLICATION, DISTRIBUTION, ETC.
Place of publication, distribution, etc. Oxford ;
-- New York :
Name of publisher, distributor, etc. Oxford University Press,
Date of publication, distribution, etc. 1987.
300 ## - PHYSICAL DESCRIPTION
Extent xv, 455 p. :
Other physical details ill. (some col.) ;
Dimensions 25 cm.
440 #0 - SERIES STATEMENT/ADDED ENTRY--TITLE
Title Oxford medical publications
500 ## - GENERAL NOTE
General note Includes index.
504 ## - BIBLIOGRAPHY, ETC. NOTE
Bibliography, etc. note Bibliography: p. 447-448.
650 #0 - SUBJECT ADDED ENTRY--TOPICAL TERM
Topical term or geographic name entry element Communicable diseases.
650 #0 - SUBJECT ADDED ENTRY--TOPICAL TERM
Topical term or geographic name entry element Infection.
650 #2 - SUBJECT ADDED ENTRY--TOPICAL TERM
Topical term or geographic name entry element Communicable Diseases.
700 1# - ADDED ENTRY--PERSONAL NAME
Personal name Grist, N. R.
Fuller form of name (Norman Roy)
906 ## - LOCAL DATA ELEMENT F, LDF (RLIN)
a 7
b cbc
c orignew
d 1
e ocip
f 19
g y-gencatlg
942 ## - ADDED ENTRY ELEMENTS (KOHA)
Source of classification or shelving scheme
Koha item type Book
Suppress in OPAC PW
Holdings
Withdrawn status Lost status Source of classification or shelving scheme Damaged status Not for loan Permanent Location Current Location Shelving location Date acquired Source of acquisition Total Checkouts Full call number Barcode Date last seen Price effective from Koha item type Public note
          AU LIBRARY AU LIBRARY Open Shelf 18.03.2022 DONATION FROM MOI UNIVERSITY   RC111 .D55 1987 28005754 18.03.2022 18.03.2022 Book PW

Powered by Koha